00530 2200193 4500001002100000005001500021035002000036245007400056100001300130250000600143300003300149700002200182260004800204082001000252084001600262020002200278650001900300990001700319INLIS00000000000036420181011110147 a0010-10180000541 aPerairan di Permukaan Bumi /cSema Gul; Penerjemah, Astri K. Cil, S.S0 aSema Gul a- a32 hlm. :bilus. ;c28,5 cm.0 aAstri K. Cil, S.S aBogor :bYudhistira Ghalia Indonesia,c2007 a551.3 a551.3 SEM p a978-979-019-017-7 aPermukaan bumi a01446/P/2018